Normal view
MARC view
- Pourcel Franck
Entry Personal Name
001 - CONTROL NUMBER
- control field: 20232
003 - CONTROL NUMBER IDENTIFIER
- control field: IT-RoPau
005 - DATE AND TIME OF LATEST TRANSACTION
- control field: 20140411102740.0
008 - FIXED-LENGTH DATA ELEMENTS
- fixed length control field: 140411|| aca||aabn | a|a d
040 ## - CATALOGING SOURCE
- Original cataloging agency: IT-RoPau
- Transcribing agency: IT-RoPau
100 ## - HEADING--PERSONAL NAME
- Personal name: Pourcel Franck
- Miscellaneous information: Codice autore SPICS: 11079
- Relator term: Autore
670 ## - SOURCE DATA FOUND
- Source citation: Work cat.: (IT-RoPau)98884: AA.VV. 794, Capolavori della grande musica (I)-vol.02 (Sogni e meditazioni)